ბათუმის შოთა რუსთაველის სახელმწიფო უნივერსიტეტის ბიბლიოთეკა

Max your memory : the complete visual program (ბიბ.ჩანაწერი № 49666)

000 -LEADER
fixed length control field 00766nam a2200277Ia 4500
001 - CONTROL NUMBER
control field 16598
003 - CONTROL NUMBER IDENTIFIER
control field GE_BSU
005 - DATE AND TIME OF LATEST TRANSACTION
control field 20200131132426.0
008 - FIXED-LENGTH DATA ELEMENTS--GENERAL INFORMATION
fixed length control field 181216s||||||||xx |||||||||||||| ||und||
020 ## - INTERNATIONAL STANDARD BOOK NUMBER
International Standard Book Number ISBN 978-0-7566-8965-0
040 ## - CATALOGING SOURCE
Transcribing agency GE_BSU
080 ## - UNIVERSAL DECIMAL CLASSIFICATION NUMBER
Universal Decimal Classification number 159.942
100 ## - MAIN ENTRY--PERSONAL NAME
Personal name Michelon, Pascale.
9 (RLIN) 6624
245 ## - TITLE STATEMENT
Title Max your memory : the complete visual program
245 ## - TITLE STATEMENT
Statement of responsibility, etc. Editor:Angela Bayham
260 ## - PUBLICATION, DISTRIBUTION, ETC.
Place of publication, distribution, etc. New York
260 ## - PUBLICATION, DISTRIBUTION, ETC.
Name of publisher, distributor, etc. DK Pub.
260 ## - PUBLICATION, DISTRIBUTION, ETC.
Date of publication, distribution, etc. 2012
300 ## - PHYSICAL DESCRIPTION
Extent 192 p, ill. (chiefly col.) ; 24 cm
653 ## - INDEX TERM--UNCONTROLLED
keyword Mnemonics. Memory.
653 ## - INDEX TERM--UNCONTROLLED
keyword მეხსიერება.
653 ## - INDEX TERM--UNCONTROLLED
keyword ფსიქოლოგია
700 ## - ADDED ENTRY--PERSONAL NAME
Personal name Bayham, Angela
Relator term რედაქტორი
9 (RLIN) 6625
942 ## - ADDED ENTRY ELEMENTS (KOHA)
Koha item type წიგნი
Source of classification or shelving scheme
ეგზემპლარები
Withdrawn status Lost status Source of classification or shelving scheme Damaged status Not for loan Permanent Location Current Location Shelving location Date acquired Cost, normal purchase price Full call number Barcode Date last seen Copy number Price effective from Koha item type Public note
          ბათუმის შოთა რუსთაველის სახელმწიფო უნივერსიტეტის მთავარი ბიბლიოთეკა ბათუმის შოთა რუსთაველის სახელმწიფო უნივერსიტეტის მთავარი ბიბლიოთეკა წიგნსაცავი 2018-12-17 35.00 159.942 45124 2018-12-17 45124 2018-12-17 წიგნი 35 gel.